Evaluating the influence of helium irradiation on the nanohardness of next-generation reactor materials
Salvato in:
| Autore principale: | |
|---|---|
| Altri autori: | |
| Natura: | Manoscritto Libro |
| Lingua: | slovacco inglese |
| Pubblicazione: |
2025
|
| Soggetti: | |
| Accesso online: | http://is.stuba.sk/zp/portal_zp.pl?podrobnosti=176832 |
| Tags: |
Nessun Tag, puoi essere il primo ad aggiungerne!!
|
MARC
| LEADER | 00000ntm a22000003a 4500 | ||
|---|---|---|---|
| 001 | stuzp104928 | ||
| 003 | SK-STU | ||
| 005 | 20250628212143.7 | ||
| 007 | ta | ||
| 008 | 150427s2015----xo-----f-mn---000-0-slo-d | ||
| 040 | |a STU |b slo | ||
| 041 | 0 | |a eng | |
| 100 | 1 | |a Kliment, Samuel |u 061000 |4 aut |U MTF Materiálovotechnologická fakulta |T MTF Ústav materiálov |X 121909 |U M1000 |Y 81 |7 121909 | |
| 242 | 0 | 1 | |a Hodnotenie vplyvu ožiarenia héliom na nanotvrdosť materiálov pre reaktory novej generácie |y slo |
| 245 | 1 | 0 | |a Evaluating the influence of helium irradiation on the nanohardness of next-generation reactor materials |
| 260 | |c 2025 | ||
| 650 | 4 | |a jadrové reaktory novej generácie |2 slo | |
| 650 | 4 | |a nanotvrdosť |2 slo | |
| 650 | 4 | |a rýchle ióny hélia |2 slo | |
| 650 | 4 | |a nanoindentácia |2 slo | |
| 650 | 4 | |a iónové ožarovanie |2 slo | |
| 650 | 4 | |a high energy helium ions |2 eng | |
| 650 | 4 | |a nanoindentation |2 eng | |
| 650 | 4 | |a next-generation nuclear reactors |2 eng | |
| 650 | 4 | |a ion-irradiation |2 eng | |
| 650 | 4 | |a nanohardness |2 eng | |
| 700 | 1 | |a Száraz, Zoltán |u 067000 |k Z2 |4 ths |U MTF Materiálovotechnologická fakulta |T MTF Ústav výskumu progresívnych technológií |X 102099 |U MN7000 |Y 87 |7 102099 | |
| 856 | 4 | |u http://is.stuba.sk/zp/portal_zp.pl?podrobnosti=176832 | |
| 996 | |c M* BP-9948 |l MMSKP |s P |a 0 |w stuzp104928_0001 | ||